000 00746nam a2200229 a 4500
005 20220524063621.0
008 991125s1994 mx 000 0 spa u
020 _a9683909329
035 _aUPN01000028749
049 _aLT
050 4 _aLB1645 M6.3
_bV3.3
100 1 _aValiente Barderas, Santiago
245 1 3 _aEl hombre y las matemáticas 3 /
_cSantiago Valiente Barderas, Santiago Rubio Ramírez
260 _aMéxico :
_bPatria,
_c1994
300 _a282 p. :
_bil., col.
500 _a"De acuerdo en los nuevos programas de la SEP"
500 _a"Modernización educativa"
650 4 _aMatemáticas
_xEstudio y enseñanza (Secundaria)
_94860
700 2 _aRubio Ramírez, Santiago,
_ecoaut.
904 _aAC
_b028750
905 _aLibro
999 _c28749
_d28749